00305nam a22000977a 4500008004100000082001700041110003000058245006700088260004400155300000800199230704b xxu||||| |||| 00| 0 eng d a341.765bWHO bWorld Health Organization aFifty-FourthbWorld Health AssemblycResolutions and Decisions aGenevabWorld Health Organizationc2001 a39p